[Event "Wch Blitz (Women)"]
[Site "Almaty"]
[Date "2022.12.29"]
[Round "1"]
[White "Nomindalai, Tumurbaatar"]
[Black "Injac, Teodora"]
[Result "0-1"]
[WhiteElo "2027"]
[BlackElo "2316"]
[PlyCount "60"]
[EventDate "2022.12.29"]
[EventType "swiss (blitz)"]
[EventRounds "17"]
[EventCountry "KAZ"]
[SourceTitle "CBM 211 Extra"]
[Source "ChessBase"]
[SourceDate "2023.01.31"]
[SourceVersion "1"]
[SourceVersionDate "2023.01.31"]
[SourceQuality "1"]

1. d4 Nf6 2. c4 g6 3. g3 Bg7 4. Bg2 0-0 5. Nf3 d6 6. Nc3 Nc6 7. d5 Na5 8. b3 c5 9. Bb2 a6 10. a4 e5 11. 0-0 Ne8 12. e4 f5 13. exf5 gxf5 14. Nh4 Nf6 15. Bh3 f4 16. Be6+ Bxe6 17. dxe6 Qe7 18. Nd5 Qxe6 19. Nc7 Qh3 20. Nxa8 Rxa8 21. Qxd6 Nxb3 22. Bxe5 Rf8 23. Rab1 Nd4 24. Bxd4 cxd4 25. Qxd4 Kh8 26. Qxf4 Ng4 27. Qxg4 Qxg4 28. Rxb7 Bd4 29. Ng2 Qe2 30. Rd7 Bxf2+ 0-1

[Event "Wch Blitz (Women)"]
[Site "Almaty"]
[Date "2022.12.29"]
[Round "6"]
[White "Nomindalai, Tumurbaatar"]
[Black "Serikbay, Assel"]
[Result "0-1"]
[WhiteElo "2027"]
[BlackElo "2044"]
[PlyCount "62"]
[EventDate "2022.12.29"]
[EventType "swiss (blitz)"]
[EventRounds "17"]
[EventCountry "KAZ"]
[SourceTitle "CBM 211 Extra"]
[Source "ChessBase"]
[SourceDate "2023.01.31"]
[SourceVersion "1"]
[SourceVersionDate "2023.01.31"]
[SourceQuality "1"]

1. d4 d5 2. c4 c6 3. Nf3 Nf6 4. Qb3 dxc4 5. Qxc4 g6 6. g3 Bg7 7. Bg2 0-0 8. 0-0 Nbd7 9. Nc3 Nb6 10. Qb3 Nbd5 11. Re1 Qb6 12. e4 Qxb3 13. axb3 Nb4 14. Rd1 Be6 15. Nd2 Rfd8 16. Ra4 Nc2 17. Ne2 b5 18. Ra6 Nxd4 19. Nxd4 Rxd4 20. Re1 Rad8 21. Nf1 Bxb3 22. Rxa7 h5 23. Rxe7 Rd1 24. Rxd1 Rxd1 25. Bf4 Bc4 26. Rc7 Nxe4 27. Rxc6 Bd4 28. Bxe4 Rxf1+ 29. Kg2 Rxf2+ 30. Kh3 Be6+ 31. Kh4 Bf6+ 0-1

[Event "Wch Blitz (Women)"]
[Site "Almaty"]
[Date "2022.12.29"]
[Round "9"]
[White "Nomindalai, Tumurbaatar"]
[Black "Tokhirjonova, Gulruhbegim"]
[Result "0-1"]
[WhiteElo "2027"]
[BlackElo "2236"]
[PlyCount "58"]
[EventDate "2022.12.29"]
[EventType "swiss (blitz)"]
[EventRounds "17"]
[EventCountry "KAZ"]
[SourceTitle "CBM 211 Extra"]
[Source "ChessBase"]
[SourceDate "2023.01.31"]
[SourceVersion "1"]
[SourceVersionDate "2023.01.31"]
[SourceQuality "1"]

1. d4 Nf6 2. c4 g6 3. g3 Bg7 4. Bg2 d5 5. cxd5 Nxd5 6. Nf3 0-0 7. Nc3 Nb6 8. 0-0 Na6 9. e4 c5 10. d5 c4 11. Be3 Nb4 12. Bd4 e6 13. Bc5 Nd3 14. Bxf8 Qxf8 15. Qe2 exd5 16. exd5 Bf5 17. Nh4 Re8 18. Qd2 Bd7 19. Rad1 Qb4 20. Rb1 Na4 21. a3 Qa5 22. Nf3 Naxb2 23. Rxb2 Bxc3 24. Qh6 Bg7 25. Qh4 Nxb2 26. Ng5 h6 27. Ne4 g5 28. Qh5 Qxa3 29. Rc1 c3 0-1

[Event "Wch Rapid (Women)"]
[Site "Almaty"]
[Date "2022.12.28"]
[Round "9"]
[White "Foudzi, Sitii Zulaikha"]
[Black "Nomindalai, Tumurbaatar"]
[Result "1-0"]
[WhiteElo "2126"]
[BlackElo "2042"]
[PlyCount "163"]
[EventDate "2022.12.26"]
[EventType "swiss (rapid)"]
[EventRounds "11"]
[EventCountry "KAZ"]
[SourceTitle "CBM 211 Extra"]
[Source "ChessBase"]
[SourceDate "2023.01.31"]
[SourceVersion "1"]
[SourceVersionDate "2023.01.31"]
[SourceQuality "1"]

1. e4 c5 2. Nf3 Nc6 3. d4 cxd4 4. Nxd4 g6 5. c4 Nf6 6. Nc3 d6 7. Be2 Nxd4 8. Qxd4 Bg7 9. Bg5 0-0 10. Qd2 Qa5 11. Rc1 Be6 12. b3 a6 13. f3 Rfc8 14. Na4 Qxd2+ 15. Kxd2 Nd7 16. g4 Kf8 17. h4 h6 18. Be3 Rcb8 19. Nb6 Nxb6 20. Bxb6 Bb2 21. Rc2 Ba3 22. Be3 Kg7 23. f4 Bc5 24. f5 Bd7 25. Bxc5 dxc5 26. Ke3 Bc6 27. Rd1 Rd8 28. Rcd2 Rxd2 29. Rxd2 g5 30. e5 Rb8 31. hxg5 hxg5 32. Bf3 Be8 33. Bd5 b5 34. Rf2 Rb6 35. e6 fxe6 36. fxe6 Bg6 37. Kd2 b4 38. Kc1 Rb8 39. Re2 Rf8 40. Bb7 Rf1+ 41. Kd2 a5 42. Re5 Ra1 43. Rxg5 Kf6 44. Rxc5 Rxa2+ 45. Ke3 Ra3 46. Kf4 Rxb3 47. g5+ Kxe6 48. Bd5+ Kd7 49. Rxa5 Ra3 50. Rb5 e6 51. Bf3 b3 52. Rb7+ Kd6 53. Rb6+ Kd7 54. c5 Bc2 55. Ke5 b2 56. Rb7+ Kc8 57. Rxb2 Rxf3 58. Rxc2 Rf5+ 59. Kd6 Rxg5 60. Rh2 Rd5+ 61. Kc6 Rd8 62. Re2 e5 63. Rxe5 Rg8 64. Re6 Rh8 65. Rd6 Rg8 66. Kb6 Rh8 67. Rc6+ Kb8 68. Rg6 Kc8 69. Rg7 Rh2 70. Rg8+ Kd7 71. c6+ Kd6 72. Rd8+ Ke7 73. Rd1 Rb2+ 74. Kc7 Rb3 75. Re1+ Kf6 76. Kd7 Rd3+ 77. Kc8 Rc3 78. c7 Rc2 79. Re4 Kf5 80. Re8 Kf6 81. Kb7 Rb2+ 82. Ka6 1-0

[Event "Wch Rapid (Women)"]
[Site "Almaty"]
[Date "2022.12.27"]
[Round "5"]
[White "Nomin Erdene, Davaademberel"]
[Black "Nomindalai, Tumurbaatar"]
[Result "1-0"]
[WhiteElo "2304"]
[BlackElo "2042"]
[PlyCount "137"]
[EventDate "2022.12.26"]
[EventType "swiss (rapid)"]
[EventRounds "11"]
[EventCountry "KAZ"]
[SourceTitle "CBM 211 Extra"]
[Source "ChessBase"]
[SourceDate "2023.01.31"]
[SourceVersion "1"]
[SourceVersionDate "2023.01.31"]
[SourceQuality "1"]

1. e4 c5 2. Nf3 Nc6 3. d4 cxd4 4. Nxd4 g6 5. c4 Nf6 6. Nc3 d6 7. Be2 Nxd4 8. Qxd4 Bg7 9. 0-0 0-0 10. Qe3 Bg4 11. f3 Be6 12. Rb1 Qb6 13. Qxb6 axb6 14. a3 Rfc8 15. b3 Nd7 16. Nd5 Bxd5 17. exd5 b5 18. cxb5 Rc2 19. Bd3 Rc3 20. Rd1 Nb6 21. Bf1 Rac8 22. Bg5 f6 23. Bh4 Bh6 24. Bf2 Be3 25. a4 Bxf2+ 26. Kxf2 Rc2+ 27. Kg3 Kf8 28. a5 Nd7 29. a6 h5 30. Bd3 R2c5 31. Bxg6 Rxb5 32. Bf5 Ke8 33. a7 Ra8 34. Rd4 Rxa7 35. b4 Ne5 36. Rc1 Kf7 37. Rc8 Ra4 38. Rh4 Kg7 39. Rxh5 Ng6 40. Be6 Nf8 41. Rh4 Rbxb4 42. Rxb4 Rxb4 43. Rc7 Ng6 44. Bf5 b5 45. Rb7 Rb2 46. h4 b4 47. h5 Ne5 48. Rxe7+ Kf8 49. Rb7 Nf7 50. Bg6 Ne5 51. Bf5 Nf7 52. Be6 Ng5 53. h6 Rb1 54. h7 Rh1 55. Bh3 Nxh7 56. Rxh7 Rd1 57. Be6 Rd2 58. Rb7 Rb2 59. Kf4 Rxg2 60. Rxb4 Rg5 61. Rb7 Ke8 62. Rf7 Rg6 63. Rd7 Rg5 64. Rxd6 Re5 65. Rd7 Rg5 66. Rf7 Rg6 67. d6 f5 68. d7+ Kd8 69. Rf8+ 1-0

[Event "Wch Rapid (Women)"]
[Site "Almaty"]
[Date "2022.12.26"]
[Round "1"]
[White "Sachdev, Tania"]
[Black "Nomindalai, Tumurbaatar"]
[Result "0-1"]
[WhiteElo "2318"]
[BlackElo "2042"]
[PlyCount "148"]
[EventDate "2022.12.26"]
[EventType "swiss (rapid)"]
[EventRounds "11"]
[EventCountry "KAZ"]
[SourceTitle "CBM 211 Extra"]
[Source "ChessBase"]
[SourceDate "2023.01.31"]
[SourceVersion "1"]
[SourceVersionDate "2023.01.31"]
[SourceQuality "1"]

1. d4 d6 2. Nf3 Nf6 3. c4 g6 4. Nc3 Bf5 5. h3 Nc6 6. g4 Bd7 7. Bg2 Bg7 8. Bf4 0-0 9. 0-0 h5 10. g5 Ne8 11. d5 Ne5 12. Nxe5 dxe5 13. Bd2 Qc8 14. Kh2 Nd6 15. c5 Nf5 16. Rg1 Nh4 17. Bf1 c6 18. Rc1 Nf5 19. e4 Nd4 20. Bg2 cxd5 21. Nxd5 Re8 22. Be3 Ne6 23. Qd2 Nd4 24. Qd1 Bb5 25. Re1 Bc6 26. f4 Bxd5 27. exd5 Nf5 28. Qd2 Qc7 29. Kg1 Rad8 30. fxe5 Bxe5 31. Bf3 Nxe3 32. Qxe3 Bf4 33. Qf2 Bxc1 34. Rxc1 Qf4 35. Rf1 Qxg5+ 36. Kh1 Qf5 37. Qg2 Rf8 38. Be4 Qe5 39. Rg1 Kh8 40. Bf3 Rc8 41. b4 a5 42. a3 axb4 43. axb4 Ra8 44. d6 exd6 45. Bxb7 Ra1 46. c6 Rxg1+ 47. Kxg1 Qd4+ 48. Kh2 Qf4+ 49. Kg1 Qxb4 50. Qe2 Qc5+ 51. Kg2 Qg5+ 52. Kh1 Kh7 53. Kh2 d5 54. Qg2 Qe5+ 55. Qg3 Qb2+ 56. Qg2 Qe5+ 57. Qg3 Qe2+ 58. Qg2 Qc4 59. Qf2 d4 60. Qe1 Qc5 61. Qf2 Qc4 62. Qe1 Qc2+ 63. Kg3 Qc3+ 64. Kf2 Qxh3 65. Qe7 Qf5+ 66. Ke2 Qc2+ 67. Kf3 Qf5+ 68. Ke2 Qb5+ 69. Kd2 Kg7 70. Qd7 Qb2+ 71. Kd3 Qc3+ 72. Ke2 Qe3+ 73. Kf1 Re8 74. Ba6 Re4 0-1

[Event "MGL-ch (Women)"]
[Site "Chinggis City"]
[Date "2022.05.22"]
[Round "10"]
[White "Tsetsenbileg, Munkhbayar"]
[Black "Nomindalai, Tumurbaatar"]
[Result "0-1"]
[WhiteElo "1830"]
[BlackElo "2111"]
[PlyCount "72"]
[EventDate "2022.05.12"]
[EventType "tourn"]
[EventRounds "11"]
[EventCountry "MGL"]
[SourceTitle "CBM 208 Extra"]
[Source "ChessBase"]
[SourceDate "2022.07.31"]
[SourceVersion "1"]
[SourceVersionDate "2022.07.31"]
[SourceQuality "1"]

1. d4 Nf6 2. c4 c5 3. d5 b5 4. cxb5 a6 5. bxa6 g6 6. Nc3 Bxa6 7. e4 Bxf1 8. Kxf1 d6 9. g3 Bg7 10. Kg2 0-0 11. f4 Nbd7 12. Nf3 Qa5 13. Qe2 Qa6 14. Qc2 Rfb8 15. Re1 Nb6 16. Re2 Na4 17. Nd1 Rb4 18. Re3 Rc4 19. Qe2 Ng4 20. Rd3 Rb4 21. Rb1 c4 22. Ra3 c3 23. Qc2 cxb2 24. Nxb2 Rc8 25. Qd2 Qb5 26. e5 Nxb2 27. Rxb2 Rxc1 28. Ra8+ Bf8 29. Kh3 Nf2+ 30. Kh4 Qf1 31. Ng5 Rxb2 32. Qxb2 Qd1 33. Rxf8+ Kxf8 34. Nxh7+ Kg8 35. Nf6+ exf6 36. Qb8+ Kh7 0-1

[Event "MGL-ch (Women)"]
[Site "Chinggis City"]
[Date "2022.05.21"]
[Round "9"]
[White "Nomindalai, Tumurbaatar"]
[Black "Munkhzul, Turmunkh"]
[Result "1/2-1/2"]
[WhiteElo "2111"]
[BlackElo "2294"]
[PlyCount "105"]
[EventDate "2022.05.12"]
[EventType "tourn"]
[EventRounds "11"]
[EventCountry "MGL"]
[SourceTitle "CBM 208 Extra"]
[Source "ChessBase"]
[SourceDate "2022.07.31"]
[SourceVersion "1"]
[SourceVersionDate "2022.07.31"]
[SourceQuality "1"]

1. d4 Nf6 2. c4 g6 3. g3 Bg7 4. Bg2 0-0 5. Nc3 d6 6. Nf3 Nc6 7. 0-0 e5 8. dxe5 Nxe5 9. Nxe5 dxe5 10. Qxd8 Rxd8 11. Bg5 Rd7 12. Rad1 c6 13. Na4 h6 14. Bd2 Re7 15. Bc3 Bg4 16. Rfe1 Nd7 17. b3 Rc8 18. h3 Be6 19. Rd6 f6 20. Red1 Nf8 21. Nc5 Kf7 22. a4 Rcc7 23. a5 a6 24. Bb4 Re8 25. R6d2 f5 26. e4 Bc8 27. exf5 gxf5 28. Bf3 Kg6 29. Rd6+ Ne6 30. g4 Kh7 31. Nxe6 Bxe6 32. gxf5 Bxf5 33. Rd8 Rxd8 34. Rxd8 Bf6 35. Rf8 Kg7 36. Rb8 Bxh3 37. Bf8+ Kg6 38. b4 Kf5 39. Kh2 Bf1 40. c5 e4 41. Bd6 Rg7 42. Bh1 Bd4 43. Rf8+ Ke6 44. Bxe4 Be5+ 45. f4 Bxd6 46. cxd6 Kxd6 47. Rf6+ Ke7 48. Rxh6 Rg4 49. Rh7+ Kd6 50. Rh6+ Ke7 51. Rh7+ Kd6 52. Rh6+ Ke7 53. Rh7+ 1/2-1/2

[Event "MGL-ch (Women)"]
[Site "Chinggis City"]
[Date "2022.05.15"]
[Round "4"]
[White "Enkhtuul, Altanulzii"]
[Black "Nomindalai, Tumurbaatar"]
[Result "1-0"]
[WhiteElo "2228"]
[BlackElo "2111"]
[PlyCount "57"]
[EventDate "2022.05.12"]
[EventType "tourn"]
[EventRounds "11"]
[EventCountry "MGL"]
[SourceTitle "CBM 208 Extra"]
[Source "ChessBase"]
[SourceDate "2022.07.31"]
[SourceVersion "1"]
[SourceVersionDate "2022.07.31"]
[SourceQuality "1"]

1. d4 Nf6 2. c4 c5 3. d5 b5 4. f3 e6 5. e4 bxc4 6. dxe6 fxe6 7. e5 Nd5 8. f4 Ba6 9. Nf3 Nc6 10. Na3 Qa5+ 11. Kf2 c3 12. Nc4 Bxc4 13. Bxc4 cxb2 14. Bxb2 Qb4 15. Bxd5 Qxb2+ 16. Kg3 exd5 17. Qxd5 Be7 18. e6 0-0-0 19. Rhd1 Qf6 20. exd7+ Kc7 21. Ng5 Qg6 22. h4 Bxg5 23. hxg5 h6 24. Rac1 hxg5 25. fxg5 Rh6 26. Qxc5 Kb8 27. Qb5+ Ka8 28. Rb1 Na5 29. Qxa5 1-0

[Event "Asian University (Women)"]
[Site "Tornelo INT"]
[Date "2021.09.04"]
[Round "4"]
[White "Nomindalai, Tumurbaatar"]
[Black "Azali, Tannaz"]
[Result "0-1"]
[WhiteElo "2111"]
[BlackElo "2110"]
[PlyCount "108"]
[EventDate "2021.09.03"]
[EventType "swiss (rapid)"]
[EventRounds "9"]
[EventCountry "NET"]
[SourceTitle "CBM 204 Extra"]
[Source "ChessBase"]
[SourceDate "2021.11.30"]
[SourceVersion "1"]
[SourceVersionDate "2021.11.30"]
[SourceQuality "1"]

1. d4 Nf6 2. Bf4 e6 3. e3 d5 4. Nd2 Bd6 5. Bg3 0-0 6. Bd3 c5 7. c3 Qc7 8. Ngf3 Nbd7 9. 0-0 Bxg3 10. hxg3 e5 11. e4 dxe4 12. Bxe4 exd4 13. cxd4 cxd4 14. Rc1 Qa5 15. Bb1 Ne5 16. Nxe5 Qxe5 17. Nf3 Qh5 18. Qxd4 Bg4 19. Rc5 Rad8 20. Qc4 Qh6 21. Ng5 b6 22. Re5 Bc8 23. Qc6 Ng4 24. Qxh6 gxh6 25. Nf3 Nxe5 26. Nxe5 Rd2 27. Rc1 Be6 28. b3 Rc8 29. Re1 Rcd8 30. Kf1 Rd1 31. Bc2 Rxe1+ 32. Kxe1 Rc8 33. Kd2 Kg7 34. Be4 f5 35. Bc6 Kf6 36. f4 Rd8+ 37. Ke2 Bd5 38. Bd7 Bxg2 39. g4 fxg4 40. Nxg4+ Kg7 41. Bb5 h5 42. Ne5 h4 43. Bd3 h3 44. Kf2 Rf8 45. f5 Re8 46. Ng4 h5 47. f6+ Kf7 48. Bc4+ Kf8 49. f7 Re7 50. Nf6 Rxf7 51. Bxf7 Kxf7 52. Nxh5 Ke6 53. Nf4+ Ke5 54. Nxg2 h2 0-1

[Event "Asian University (Women)"]
[Site "Tornelo INT"]
[Date "2021.09.04"]
[Round "5"]
[White "Srija, Seshadri"]
[Black "Nomindalai, Tumurbaatar"]
[Result "1-0"]
[WhiteElo "2219"]
[BlackElo "2111"]
[PlyCount "99"]
[EventDate "2021.09.03"]
[EventType "swiss (rapid)"]
[EventRounds "9"]
[EventCountry "NET"]
[SourceTitle "CBM 204 Extra"]
[Source "ChessBase"]
[SourceDate "2021.11.30"]
[SourceVersion "1"]
[SourceVersionDate "2021.11.30"]
[SourceQuality "1"]

1. e4 d6 2. d4 Nf6 3. Nc3 e5 4. Nf3 Nbd7 5. Bc4 Be7 6. 0-0 0-0 7. Re1 c6 8. a4 b6 9. h3 a6 10. Bf1 Bb7 11. Be3 b5 12. dxe5 dxe5 13. Nd2 Bc5 14. g4 Bxe3 15. Rxe3 Nc5 16. Bg2 Qe7 17. Nf3 Nfd7 18. Ne2 Nxa4 19. b3 Nac5 20. Ng3 g6 21. h4 Ne6 22. g5 f6 23. Bh3 Rad8 24. Qc1 Nf4 25. Bf1 Nc5 26. Qb2 Nd7 27. b4 Qe6 28. c4 Rde8 29. c5 Nh3+ 30. Kh2 Nf4 31. Rd1 Qg4 32. Rd6 fxg5 33. hxg5 Re7 34. Qa2+ Kh8 35. Qb2 Kg8 36. Qd2 h6 37. gxh6 Rh7 38. Kg1 Bc8 39. Qa2+ Kh8 40. Qb2 Nf6 41. Qxe5 N4h5 42. Nh2 Qh4 43. Rf3 Rxh6 44. Nxh5 gxh5 45. Rg3 Bg4 46. f3 Bc8 47. Rg2 Bh3 48. Qe7 Rg8 49. Rxg8+ Kxg8 50. Rd8+ 1-0

[Event "FIDE World Uni Rapid-E 1st"]
[Site "Tornelo INT"]
[Date "2021.03.21"]
[Round "10"]
[White "Wheeler, Cameron"]
[Black "Nomindalai, Tumurbaatar"]
[Result "1-0"]
[WhiteElo "2398"]
[BlackElo "2111"]
[PlyCount "67"]
[EventDate "2021.03.20"]
[EventType "swiss (rapid)"]
[EventRounds "12"]
[EventCountry "NET"]
[SourceTitle "EXT 2022"]
[Source "ChessBase"]
[SourceDate "2021.10.06"]
[SourceVersion "1"]
[SourceVersionDate "2021.10.06"]
[SourceQuality "1"]

1. d4 d6 2. g3 Nf6 3. Bg2 Nbd7 4. e4 e5 5. Ne2 Be7 6. 0-0 0-0 7. f4 Re8 8. Nbc3 c6 9. h3 Bf8 10. dxe5 dxe5 11. f5 b5 12. a3 a5 13. g4 Nc5 14. Ng3 Qxd1 15. Rxd1 h6 16. Be3 Rb8 17. Bf3 Na4 18. Nxa4 bxa4 19. Rab1 Nd7 20. h4 Bc5 21. Kf2 Re7 22. Bxc5 Nxc5 23. Rd8+ Kh7 24. g5 Rd7 25. Rf8 g6 26. Ke3 Kg7 27. Re8 f6 28. gxh6+ Kxh6 29. fxg6 Kxg6 30. Rg1 Kh7 31. Nh5 Rf7 32. Rgg8 Rxb2 33. Rh8+ Kg6 34. Reg8+ 1-0

[Event "FIDE World Uni Rapid-E 1st"]
[Site "Tornelo INT"]
[Date "2021.03.20"]
[Round "4"]
[White "Kabzinski, Jan"]
[Black "Nomindalai, Tumurbaatar"]
[Result "0-1"]
[WhiteElo "1558"]
[BlackElo "2111"]
[PlyCount "84"]
[EventDate "2021.03.20"]
[EventType "swiss (rapid)"]
[EventRounds "12"]
[EventCountry "NET"]
[SourceTitle "EXT 2022"]
[Source "ChessBase"]
[SourceDate "2021.10.06"]
[SourceVersion "1"]
[SourceVersionDate "2021.10.06"]
[SourceQuality "1"]

1. c4 d6 2. Nc3 e5 3. g3 Nf6 4. Bg2 Nbd7 5. d3 Be7 6. e4 c6 7. Nge2 0-0 8. 0-0 Re8 9. h3 Qc7 10. Be3 a6 11. a4 b6 12. d4 exd4 13. Nxd4 Ne5 14. b3 Bb7 15. Rc1 Bf8 16. Qc2 c5 17. Nde2 Nc6 18. Rcd1 Nb4 19. Qb1 g6 20. Rd2 Rad8 21. Rfd1 Bg7 22. Bf4 Re6 23. e5 Nd7 24. exd6 Qb8 25. Ne4 Rde8 26. N4c3 Bxg2 27. Kxg2 Qa8+ 28. Kg1 Qf3 29. Be3 Rxe3 30. fxe3 Qxe3+ 31. Kg2 Bxc3 32. Nxc3 Qxc3 33. Rf2 Re3 34. g4 Rxh3 35. Re1 Qg3+ 36. Kf1 Rh1+ 37. Ke2 Qxg4+ 38. Rf3 Rxe1+ 39. Qxe1 Ne5 40. d7 Qxf3+ 41. Kd2 Qd3+ 42. Kc1 Qc2# 0-1

[Event "FIDE World Uni Blitz-D 1st"]
[Site "Tornelo INT"]
[Date "2021.03.13"]
[Round "9.41"]
[White "Nomindalai, Tumurbaatar"]
[Black "Gamage, H Charanga Jithmal"]
[Result "1-0"]
[WhiteElo "2111"]
[BlackElo "1718"]
[PlyCount "51"]
[EventDate "2021.03.13"]
[EventType "swiss (blitz)"]
[EventRounds "10"]
[EventCountry "NET"]
[SourceTitle "EXT 2022"]
[Source "ChessBase"]
[SourceDate "2021.10.06"]
[SourceVersion "1"]
[SourceVersionDate "2021.10.06"]
[SourceQuality "1"]

1. d4 d5 2. Bf4 c5 3. e3 Nc6 4. c3 Qb6 5. Qb3 c4 6. Qc2 g6 7. Nd2 Bf5 8. e4 dxe4 9. Nxc4 Qd8 10. Ne3 Qd7 11. Be2 Bg7 12. Nxf5 Qxf5 13. Be3 Nf6 14. Qb3 Rb8 15. Bb5 0-0 16. Ne2 Ng4 17. Ng3 Qc8 18. Nxe4 Nxe3 19. fxe3 Qg4 20. Ng3 e5 21. 0-0 exd4 22. exd4 Bh6 23. Bc4 Na5 24. Bxf7+ Kg7 25. Qe6 Qh4 26. Qe5+ 1-0

[Event "FIDE World Uni Blitz-D 1st"]
[Site "Tornelo INT"]
[Date "2021.03.13"]
[Round "7.10"]
[White "Nomindalai, Tumurbaatar"]
[Black "Ruiz Castillo, Joshua Daniel"]
[Result "0-1"]
[WhiteElo "2111"]
[BlackElo "2502"]
[PlyCount "92"]
[EventDate "2021.03.13"]
[EventType "swiss (blitz)"]
[EventRounds "10"]
[EventCountry "NET"]
[SourceTitle "EXT 2022"]
[Source "ChessBase"]
[SourceDate "2021.10.06"]
[SourceVersion "1"]
[SourceVersionDate "2021.10.06"]
[SourceQuality "1"]

1. d4 Nf6 2. Bf4 e6 3. e3 b6 4. Nd2 Be7 5. h3 0-0 6. Ngf3 c5 7. c3 cxd4 8. exd4 Bb7 9. Nc4 d6 10. Bd3 a6 11. 0-0 Re8 12. Re1 Qc7 13. Rc1 Nbd7 14. Ne3 Nf8 15. Bb1 Ng6 16. Bg3 Rac8 17. Ng4 Nh5 18. Bh2 Nhf4 19. Be4 Bxe4 20. Rxe4 f5 21. Rxf4 Nxf4 22. Bxf4 fxg4 23. hxg4 Bf8 24. Qd2 b5 25. Re1 Qc4 26. a3 Rcd8 27. Bg5 Be7 28. Qf4 Qd5 29. Bxe7 Rxe7 30. Qe3 Rf8 31. g5 Rf5 32. Qe4 Qxe4 33. Rxe4 Kf7 34. Kf1 Rb7 35. Ke2 a5 36. Kd3 Ke7 37. Re2 Kd7 38. Re4 g6 39. Rh4 Kc6 40. Rh3 Rbf7 41. Rh4 e5 42. dxe5 dxe5 43. Re4 Kd5 44. b3 Re7 45. c4+ bxc4+ 46. Rxc4 e4+ 0-1

[Event "Asia-ch Universities (Women)"]
[Site "Chess.com INT"]
[Date "2020.12.15"]
[Round "2"]
[White "Nomindalai, Tumurbaatar"]
[Black "Kiana, Arab"]
[Result "0-1"]
[WhiteElo "1708"]
[BlackElo "1859"]
[PlyCount "66"]
[EventDate "2020.12.15"]
[EventType "swiss"]
[EventRounds "9"]
[EventCountry "IRI"]
[SourceTitle "EXT 2022"]
[Source "ChessBase"]
[SourceDate "2021.10.06"]
[SourceVersion "1"]
[SourceVersionDate "2021.10.06"]
[SourceQuality "1"]

1. d4 f5 2. Bg5 h6 3. Bh4 g5 4. e3 Nf6 5. Bg3 e6 6. Bd3 Bg7 7. Nd2 d6 8. Qe2 Nc6 9. c3 a5 10. f3 Qe7 11. 0-0-0 a4 12. Bf2 a3 13. b3 e5 14. h4 Nd5 15. Nb1 Bd7 16. g4 exd4 17. cxd4 f4 18. Bg6+ Kd8 19. e4 Nb6 20. hxg5 hxg5 21. Rxh8+ Bxh8 22. Qd2 Na5 23. Ne2 Nxb3+ 24. axb3 a2 25. Rh1 Bg7 26. Nxf4 a1Q 27. Nd3 Bb5 28. Be3 Ra2 29. Bxg5 Rxd2 30. Bxe7+ Kxe7 31. Kxd2 Qxd4 32. e5 dxe5 33. Nc3 e4 0-1

[Event "Wch U20 Girls 37th"]
[Site "New Delhi"]
[Date "2019.10.25"]
[Round "11"]
[White "Nomindalai, Tumurbaatar"]
[Black "Rindhiya, V."]
[Result "1-0"]
[WhiteElo "2061"]
[BlackElo "1817"]
[PlyCount "119"]
[EventDate "2019.10.15"]
[EventType "swiss"]
[EventRounds "11"]
[EventCountry "IND"]
[SourceTitle "CBM 192 Extra"]
[Source "Chessbase"]
[SourceDate "2019.11.06"]
[SourceVersion "1"]
[SourceVersionDate "2019.11.06"]
[SourceQuality "1"]

1. d4 f5 2. Bf4 e6 3. e3 Nf6 4. Be2 Be7 5. Nd2 0-0 6. h3 d5 7. Ngf3 b6 8. Ne5 Bb7 9. Bd3 Ne4 10. Qe2 c5 11. c3 Nd7 12. 0-0-0 a6 13. f3 Nxd2 14. Qxd2 b5 15. g4 cxd4 16. cxd4 Nxe5 17. Bxe5 Bd6 18. f4 b4 19. Rdg1 Bxe5 20. fxe5 a5 21. gxf5 exf5 22. Qg2 Qe7 23. Qf3 Rf7 24. Rh2 Raf8 25. Rhg2 Bc8 26. Qxd5 Be6 27. Qxa5 Qb7 28. Qa6 Qd5 29. b3 Ra8 30. Qd6 Qxd6 31. exd6 Rd8 32. Bc4 Rxd6 33. d5 Bc8 34. Kb2 g6 35. a3 bxa3+ 36. Kxa3 f4 37. exf4 Rxf4 38. Rg3 Kf7 39. Kb4 Rff6 40. Rf1 Rxf1 41. Bxf1 Rf6 42. Bc4 Ke7 43. Kc5 Bf5 44. Re3+ Kd8 45. b4 h5 46. b5 g5 47. b6 Bc8 48. Bb5 Rf8 49. Bc6 g4 50. hxg4 hxg4 51. b7 Bxb7 52. Bxb7 Rg8 53. Rg3 Rg5 54. Ba6 Ke7 55. Be2 Kd8 56. Rxg4 Re5 57. Bb5 Rh5 58. Kc6 Rh6+ 59. d6 Rh8 60. Ra4 1-0

[Event "Wch U20 Girls 37th"]
[Site "New Delhi"]
[Date "2019.10.19"]
[Round "6"]
[White "Li, Yunshan"]
[Black "Nomindalai, Tumurbaatar"]
[Result "1/2-1/2"]
[WhiteElo "2289"]
[BlackElo "2061"]
[PlyCount "119"]
[EventDate "2019.10.15"]
[EventType "swiss"]
[EventRounds "11"]
[EventCountry "IND"]
[SourceTitle "CBM 192 Extra"]
[Source "Chessbase"]
[SourceDate "2019.11.06"]
[SourceVersion "1"]
[SourceVersionDate "2019.11.06"]
[SourceQuality "1"]

1. d4 d6 2. Nf3 Nf6 3. c4 Nbd7 4. Nc3 e5 5. e4 Be7 6. g3 0-0 7. Bg2 c6 8. 0-0 a6 9. Re1 Qc7 10. Nh4 Re8 11. Nf5 Bf8 12. Ne3 g6 13. b3 exd4 14. Qxd4 Bg7 15. Bb2 Qb8 16. Qd2 Nc5 17. f3 b5 18. Rad1 Nb7 19. Qc1 Na5 20. Qa1 Nd7 21. Rd2 Nb6 22. cxb5 axb5 23. Qc1 Nb7 24. Ne2 Bxb2 25. Qxb2 Bd7 26. Red1 Qa7 27. Kh1 Qa3 28. Qd4 Nc8 29. Nf4 Qa7 30. Qd3 Nc5 31. Qc3 b4 32. Qd4 Ne6 33. Qd3 Nxf4 34. gxf4 d5 35. Nc2 Qb8 36. f5 Rxa2 37. fxg6 hxg6 38. Nxb4 Rxd2 39. Qxd2 Ne7 40. Nd3 dxe4 41. Nc5 Bf5 42. fxe4 Bg4 43. Rf1 Qc7 44. Qg5 Be2 45. Re1 Bb5 46. e5 Nf5 47. e6 Kg7 48. Nd7 Qd8 49. Qxd8 Rxd8 50. Ne5 fxe6 51. Bxc6 Rb8 52. b4 Nd4 53. Be4 Be8 54. Rb1 Rb5 55. Nc4 Bc6 56. Nd6 Bxe4+ 57. Nxe4 Nc6 58. Nc5 Rxb4 59. Rxb4 Nxb4 60. Nxe6+ 1/2-1/2